000 00497nam a22002177a 4500
003 UA-OsUOA
001 38522
007 ta
008 20060516b un ||||| |||| 00| 0 ukr d
100 _aВлад Сергій
090 _a32
_bВ11
942 _cSA
040 _aUA-OsUOA
_bukr
_cUA-OsUOA
_dUA-OsUOA
245 _aБілий танець для Маркізи
300 _a3 с.
955 _a0
041 _aukr
080 _a32
773 0 _w38521
650 7 _a32 Політика
_2UDC
999 _c324675
_d324675